000 00333nam a2200157Ia 4500
003 0STCL
008 150530s9999 xx 000 0 und d
040 _aSTCL
_cSTCL
100 _aBush Douglas
245 _aEnglish poetry
260 _c1952
546 _aEnglish
942 _2ddc
_cBK
999 _c51468
_d51468
005 20220125170841.0